Geology of Canadian lithium deposits. (Record no. 30151)

MARC details
000 -LEADER
fixed length control field 00845cam a22002651 4500
001 - CONTROL NUMBER
control field gs 65000507
003 - CONTROL NUMBER IDENTIFIER
control field DLC
005 - DATE AND TIME OF LATEST TRANSACTION
control field 20260227111418.0
008 - FIXED-LENGTH DATA ELEMENTS--GENERAL INFORMATION
fixed length control field 721205s1965 xx 000 0 eng
010 ## - LIBRARY OF CONGRESS CONTROL NUMBER
LC control number gs 65000507
035 ## - SYSTEM CONTROL NUMBER
System control number (OCoLC)506625
040 ## - CATALOGING SOURCE
Original cataloging agency DLC
Transcribing agency OAkU
Modifying agency OCoLC
-- DLC
042 ## - AUTHENTICATION CODE
Authentication code premarc
050 00 - LIBRARY OF CONGRESS CALL NUMBER
Classification number QE185
Item number .A4 no. 21
100 1# - MAIN ENTRY--PERSONAL NAME
Personal name Mulligan, Robert.
245 10 - TITLE STATEMENT
Title Geology of Canadian lithium deposits.
260 ## - PUBLICATION, DISTRIBUTION, ETC.
Place of publication, distribution, etc. [Ottawa]
Name of publisher, distributor, etc. Dept. of Mines and Technical Surveys
Date of publication, distribution, etc. [1965]
300 ## - PHYSICAL DESCRIPTION
Extent xiv, 131 p.
Other physical details illus., maps (2 fold.)
Dimensions 25 cm.
410 20 - SERIES STATEMENT/ADDED ENTRY--CORPORATE NAME [OBSOLETE, CAN/MARC], [LOCAL, USA]
Corporate name or jurisdiction name as entry element Geological Survey of Canada.
Title of a work Economic geology report
Volume number/sequential designation no. 21
500 ## - GENERAL NOTE
General note Abstracts also in French, German and Russian.
504 ## - BIBLIOGRAPHY, ETC. NOTE
Bibliography, etc. note Bibliography: p. 116-120.
650 #0 - SUBJECT ADDED ENTRY--TOPICAL TERM
Topical term or geographic name entry element Lithium.
650 #0 - SUBJECT ADDED ENTRY--TOPICAL TERM
Topical term or geographic name entry element Lithium mines and mining
Geographic subdivision Canada.
650 #0 - SUBJECT ADDED ENTRY--TOPICAL TERM
Topical term or geographic name entry element Pegmatites
Geographic subdivision Canada.

No items available.

Powered by Koha